[Event "English Schools Championship Final 2024"]
[Site "Nottingham University Kings Meadow Campus, United Kingdom"]
[Date "2024.06.28"]
[Round "4.1"]
[White "Makkar, Rajat"]
[Black "Buanne, Luca"]
[Result "1-0"]
[TimeControl "G50' + 10\" per move."]
[WhiteFideId "36016810"]
[BlackFideId "460133"]
[WhiteElo "2602"]
[BlackElo "2154"]

1. c4 {[%clk 00:45:02]} {[%emt 00:05:17]} Nf6 {[%clk 00:50:16]} {[%emt
00:00:05]} 2. g3 {[%clk 00:44:52]} {[%emt 00:00:20]} e6 {[%clk 00:50:22]}
{[%emt 00:00:04]} 3. Bg2 {[%clk 00:44:57]} {[%emt 00:00:05]} d5 {[%clk
00:50:28]} {[%emt 00:00:05]} 4. Nf3 {[%clk 00:45:02]} {[%emt 00:00:04]} d4
{[%clk 00:50:30]} {[%emt 00:00:08]} 5. O-O {[%clk 00:44:52]} {[%emt 00:00:20]}
c5 {[%clk 00:50:36]} {[%emt 00:00:04]} 6. e3 {[%clk 00:44:43]} {[%emt
00:00:19]} Nc6 {[%clk 00:50:41]} {[%emt 00:00:05]} 7. exd4 {[%clk 00:44:50]}
{[%emt 00:00:04]} cxd4 {[%clk 00:50:46]} {[%emt 00:00:04]} 8. d3 {[%clk
00:44:58]} {[%emt 00:00:02]} Be7 {[%clk 00:50:40]} {[%emt 00:00:16]} 9. a3
{[%clk 00:44:12]} {[%emt 00:00:55]} a5 {[%clk 00:50:46]} {[%emt 00:00:05]} 10.
Bg5 {[%clk 00:44:16]} {[%emt 00:00:05]} Nd7 {[%clk 00:47:37]} {[%emt 00:03:19]}
11. Bxe7 {[%clk 00:43:30]} {[%emt 00:00:57]} Qxe7 {[%clk 00:47:42]} {[%emt
00:00:05]} 12. Nbd2 {[%clk 00:43:30]} {[%emt 00:00:10]} Nc5 {[%clk 00:46:54]}
{[%emt 00:00:57]} 13. Nb3 {[%clk 00:43:20]} {[%emt 00:00:20]} O-O {[%clk
00:44:55]} {[%emt 00:02:10]} 14. Nxc5 {[%clk 00:39:10]} {[%emt 00:04:21]} Qxc5
{[%clk 00:45:00]} {[%emt 00:00:05]} 15. b4 {[%clk 00:39:18]} {[%emt 00:00:02]}
axb4 {[%clk 00:43:37]} {[%emt 00:01:32]} 16. axb4 {[%clk 00:32:52]} {[%emt
00:06:37]} Rxa1 {[%clk 00:43:43]} {[%emt 00:00:04]} 17. bxc5 {[%clk 00:33:00]}
{[%emt 00:00:01]} Rxd1 {[%clk 00:43:46]} {[%emt 00:00:07]} 18. Rxd1 {[%clk
00:33:09]} {[%emt 00:00:01]} Rd8 {[%clk 00:36:58]} {[%emt 00:06:58]} 19. Rb1
{[%clk 00:32:03]} {[%emt 00:01:15]} Kf8 {[%clk 00:30:35]} {[%emt 00:06:33]} 20.
Kf1 {[%clk 00:31:16]} {[%emt 00:00:56]} Ke7 {[%clk 00:29:32]} {[%emt 00:01:14]}
21. Ng5 {[%clk 00:29:51]} {[%emt 00:01:34]} Rd7 {[%clk 00:19:30]} {[%emt
00:10:15]} 22. Ne4 {[%clk 00:28:42]} {[%emt 00:01:18]} Rc7 {[%clk 00:18:55]}
{[%emt 00:00:45]} 23. Nd6 {[%clk 00:23:09]} {[%emt 00:05:43]} Ne5 {[%clk
00:13:11]} {[%emt 00:05:55]} 24. Nxc8+ {[%clk 00:21:29]} {[%emt 00:01:49]} Rxc8
{[%clk 00:13:16]} {[%emt 00:00:05]} 25. Rxb7+ {[%clk 00:21:36]} {[%emt
00:00:03]} Ke8 {[%clk 00:12:54]} {[%emt 00:00:32]} 26. Rb5 {[%clk 00:19:55]}
{[%emt 00:01:50]} Nxd3 {[%clk 00:10:54]} {[%emt 00:02:11]} 27. c6 {[%clk
00:19:56]} {[%emt 00:00:09]} Nc1 {[%clk 00:05:01]} {[%emt 00:06:03]} 28. g4
{[%clk 00:16:14]} {[%emt 00:03:52]} d3 {[%clk 00:02:38]} {[%emt 00:02:34]} 29.
Ke1 {[%clk 00:14:56]} {[%emt 00:01:27]} Ne2 {[%clk 00:02:47]} {[%emt 00:00:01]}
30. Kd2 {[%clk 00:13:59]} {[%emt 00:01:08]} Nf4 {[%clk 00:02:30]} {[%emt
00:00:26]} 31. Be4 {[%clk 00:13:18]} {[%emt 00:00:50]} h6 {[%clk 00:02:14]}
{[%emt 00:00:27]} 32. h4 {[%clk 00:12:37]} {[%emt 00:00:51]} f6 {[%clk
00:01:14]} {[%emt 00:01:10]} 33. h5 {[%clk 00:11:43]} {[%emt 00:01:04]} Kd8
{[%clk 00:00:46]} {[%emt 00:00:38]} 34. Ke3 {[%clk 00:08:05]} {[%emt 00:03:48]}
e5 {[%clk 00:00:47]} {[%emt 00:00:10]} 35. Bd5 {[%clk 00:08:12]} {[%emt
00:00:02]} Rc7 {[%clk 00:00:42]} {[%emt 00:00:15]} 36. Rb7 {[%clk 00:08:20]}
{[%emt 00:00:01]} Nxd5+ {[%clk 00:00:20]} {[%emt 00:00:33]} 37. cxd5 {[%clk
00:08:26]} {[%emt 00:00:05]} Rxb7 {[%clk 00:00:29]} {[%emt 00:00:01]} 38. cxb7
{[%clk 00:08:32]} {[%emt 00:00:04]} Kc7 {[%clk 00:00:38]} 39. Kxd3 {[%clk
00:08:25]} {[%emt 00:00:16]} Kxb7 {[%clk 00:00:46]} {[%emt 00:00:02]} 40. Ke4
{[%clk 00:08:31]} {[%emt 00:00:04]} Kc7 {[%clk 00:00:47]} {[%emt 00:00:10]} 1-0

[Event "English Schools Championship Final 2024"]
[Site "Nottingham University Kings Meadow Campus, United Kingdom"]
[Date "2024.06.28"]
[Round "4.2"]
[White "Ali, Shahvez"]
[Black "Kothari, Jai"]
[Result "1/2-1/2"]
[TimeControl "G50' + 10\" per move."]
[WhiteFideId "453790"]
[BlackFideId "477117"]
[WhiteElo "2107"]
[BlackElo "2129"]

1. c4 {[%clk 00:50:17]} {[%emt 00:00:02]} c5 {[%clk 00:46:58]} {[%emt
00:03:23]} 2. Nc3 {[%clk 00:50:22]} {[%emt 00:00:04]} g6 {[%clk 00:46:59]}
{[%emt 00:00:10]} 3. g3 {[%clk 00:50:26]} {[%emt 00:00:06]} Bg7 {[%clk
00:47:03]} {[%emt 00:00:05]} 4. Bg2 {[%clk 00:50:33]} {[%emt 00:00:04]} Nc6
{[%clk 00:47:07]} {[%emt 00:00:05]} 5. e3 {[%clk 00:50:36]} {[%emt 00:00:07]}
d6 {[%clk 00:46:42]} {[%emt 00:00:35]} 6. Nge2 {[%clk 00:50:36]} {[%emt
00:00:10]} e5 {[%clk 00:46:42]} {[%emt 00:00:10]} 7. O-O {[%clk 00:50:36]}
{[%emt 00:00:10]} Nge7 {[%clk 00:45:43]} {[%emt 00:01:09]} 8. b3 {[%clk
00:47:53]} {[%emt 00:02:53]} O-O {[%clk 00:44:25]} {[%emt 00:01:28]} 9. Bb2
{[%clk 00:47:49]} {[%emt 00:00:14]} Be6 {[%clk 00:43:50]} {[%emt 00:00:45]} 10.
d3 {[%clk 00:39:34]} {[%emt 00:08:25]} d5 {[%clk 00:41:17]} {[%emt 00:02:43]}
11. Rc1 {[%clk 00:37:53]} {[%emt 00:01:51]} b6 {[%clk 00:39:54]} {[%emt
00:01:34]} 12. cxd5 {[%clk 00:35:04]} {[%emt 00:02:58]} Nxd5 {[%clk 00:39:58]}
{[%emt 00:00:06]} 13. Nxd5 {[%clk 00:19:45]} {[%emt 00:15:29]} Bxd5 {[%clk
00:40:00]} {[%emt 00:00:07]} 14. Bxd5 {[%clk 00:19:53]} {[%emt 00:00:03]} Qxd5
{[%clk 00:40:05]} {[%emt 00:00:05]} 15. Nc3 {[%clk 00:19:59]} {[%emt 00:00:04]}
Qd7 {[%clk 00:39:20]} {[%emt 00:00:55]} 16. Qe2 {[%clk 00:19:27]} {[%emt
00:00:42]} Rfd8 {[%clk 00:39:17]} {[%emt 00:00:13]} 17. Rfd1 {[%clk 00:19:20]}
{[%emt 00:00:16]} Qf5 {[%clk 00:38:36]} {[%emt 00:00:52]} 18. e4 {[%clk
00:18:58]} {[%emt 00:00:32]} Qd7 {[%clk 00:38:00]} {[%emt 00:00:46]} 19. Nd5
{[%clk 00:19:02]} {[%emt 00:00:06]} Ne7 {[%clk 00:38:05]} {[%emt 00:00:05]} 20.
Nxe7+ {[%clk 00:16:27]} {[%emt 00:02:44]} Qxe7 {[%clk 00:38:02]} {[%emt
00:00:14]} 21. f4 {[%clk 00:15:59]} {[%emt 00:00:38]} exf4 {[%clk 00:37:22]}
{[%emt 00:00:50]} 22. Bxg7 {[%clk 00:15:52]} {[%emt 00:00:17]} Kxg7 {[%clk
00:37:28]} {[%emt 00:00:04]} 23. gxf4 {[%clk 00:15:57]} {[%emt 00:00:05]} Rd4
{[%clk 00:37:31]} {[%emt 00:00:07]} 24. Rc4 {[%clk 00:15:09]} {[%emt 00:00:58]}
Rad8 {[%clk 00:37:32]} {[%emt 00:00:09]} 25. Rxd4 {[%clk 00:15:12]} {[%emt
00:00:07]} Rxd4 {[%clk 00:37:37]} {[%emt 00:00:05]} 26. Qf3 {[%clk 00:13:49]}
{[%emt 00:01:32]} b5 {[%clk 00:36:42]} {[%emt 00:01:06]} 27. Re1 {[%clk
00:12:35]} {[%emt 00:01:24]} Qd7 {[%clk 00:33:16]} {[%emt 00:03:36]} 28. Re3
{[%clk 00:12:39]} {[%emt 00:00:05]} c4 {[%clk 00:33:15]} {[%emt 00:00:12]} 29.
bxc4 {[%clk 00:11:46]} {[%emt 00:01:04]} bxc4 {[%clk 00:33:18]} {[%emt
00:00:06]} 30. dxc4 {[%clk 00:11:53]} {[%emt 00:00:04]} Rxc4 {[%clk 00:30:01]}
{[%emt 00:03:26]} 1/2-1/2

[Event "English Schools Championship Final 2024"]
[Site "Nottingham University Kings Meadow Campus, United Kingdom"]
[Date "2024.06.28"]
[Round "4.3"]
[White "Shidlagatta, Anirudh"]
[Black "Patel, Zain"]
[Result "1/2-1/2"]
[TimeControl "G50' + 10\" per move."]
[WhiteFideId "469475"]
[BlackFideId "469246"]
[WhiteElo "1918"]
[BlackElo "2050"]

1. Nf3 {[%clk 00:50:12]} {[%emt 00:00:07]} Nf6 {[%clk 00:49:16]} {[%emt
00:01:05]} 2. g3 {[%clk 00:50:17]} {[%emt 00:00:05]} d5 {[%clk 00:48:54]}
{[%emt 00:00:32]} 3. Bg2 {[%clk 00:50:21]} {[%emt 00:00:05]} e6 {[%emt
00:00:34]} 4. O-O {[%clk 00:50:26]} {[%emt 00:00:03]} Be7 {[%clk 00:47:23]}
{[%emt 00:01:20]} 5. c4 {[%clk 00:50:21]} {[%emt 00:00:15]} O-O {[%clk
00:47:26]} {[%emt 00:00:07]} 6. b3 {[%clk 00:50:27]} {[%emt 00:00:05]} c6
{[%clk 00:45:22]} {[%emt 00:02:12]} 7. Bb2 {[%clk 00:50:28]} {[%emt 00:00:09]}
b6 {[%clk 00:44:48]} {[%emt 00:00:44]} 8. d4 {[%clk 00:50:15]} {[%emt
00:00:23]} Bb7 {[%clk 00:44:36]} {[%emt 00:00:23]} 9. Nc3 {[%clk 00:49:47]}
{[%emt 00:00:37]} Nbd7 {[%clk 00:40:56]} {[%emt 00:03:50]} 10. Rc1 {[%clk
00:48:52]} {[%emt 00:01:05]} Rc8 {[%clk 00:40:49]} {[%emt 00:00:17]} 11. Re1
{[%clk 00:47:49]} {[%emt 00:01:13]} c5 {[%clk 00:38:24]} {[%emt 00:02:35]} 12.
cxd5 {[%clk 00:47:00]} {[%emt 00:01:00]} Nxd5 {[%clk 00:37:04]} {[%emt
00:01:30]} 13. Nxd5 {[%clk 00:43:47]} {[%emt 00:03:23]} Bxd5 {[%clk 00:36:27]}
{[%emt 00:00:46]} 14. e4 {[%clk 00:43:19]} {[%emt 00:00:38]} Bb7 {[%clk
00:35:53]} {[%emt 00:00:45]} 15. d5 {[%clk 00:41:07]} {[%emt 00:02:22]} exd5
{[%clk 00:35:01]} {[%emt 00:01:02]} 16. exd5 {[%clk 00:41:11]} {[%emt
00:00:05]} Nf6 {[%clk 00:34:11]} {[%emt 00:00:59]} 17. Bxf6 {[%clk 00:40:10]}
{[%emt 00:01:11]} Bxf6 {[%clk 00:33:49]} {[%emt 00:00:33]} 18. Ne5 {[%clk
00:39:32]} {[%emt 00:00:49]} Re8 {[%clk 00:31:40]} {[%emt 00:02:19]} 19. f4
{[%clk 00:37:30]} {[%emt 00:02:12]} Bxe5 {[%clk 00:27:26]} {[%emt 00:04:24]} 20.
fxe5 {[%clk 00:36:33]} {[%emt 00:01:07]} Qd7 {[%clk 00:24:27]} {[%emt
00:03:09]} 21. Qf3 {[%clk 00:27:56]} {[%emt 00:08:47]} Ba8 {[%clk 00:20:29]}
{[%emt 00:04:08]} 22. Rcd1 {[%clk 00:26:19]} {[%emt 00:01:47]} Rcd8 {[%clk
00:19:11]} {[%emt 00:01:27]} 23. Qf1 {[%clk 00:25:13]} {[%emt 00:01:16]} Qg4
{[%clk 00:17:31]} {[%emt 00:01:51]} 24. Qf4 {[%clk 00:16:27]} {[%emt 00:08:55]}
Qxf4 {[%clk 00:13:06]} {[%emt 00:04:35]} 25. gxf4 {[%clk 00:16:29]} {[%emt
00:00:07]} Rd7 {[%clk 00:12:21]} {[%emt 00:00:56]} 26. f5 {[%clk 00:12:55]}
{[%emt 00:03:45]} f6 {[%clk 00:08:12]} {[%emt 00:04:20]} 27. d6 {[%clk
00:09:38]} {[%emt 00:03:26]} fxe5 {[%clk 00:06:58]} {[%emt 00:01:23]} 28. Bxa8
{[%clk 00:08:58]} {[%emt 00:00:51]} Rxa8 {[%clk 00:07:04]} {[%emt 00:00:04]} 29.
Rxe5 {[%clk 00:08:54]} {[%emt 00:00:14]} 1/2-1/2

[Event "English Schools Championship Final 2024"]
[Site "Nottingham University Kings Meadow Campus, United Kingdom"]
[Date "2024.06.28"]
[Round "4.4"]
[White "Cordova Lopez, Diego Anton"]
[Black "Wang, Luoke"]
[Result "1-0"]
[TimeControl "G50' + 10\" per move."]
[WhiteFideId "459313"]
[BlackFideId "499293"]
[WhiteElo "2018"]
[BlackElo "1953"]

1. e4 {[%clk 00:50:18]} {[%emt 00:00:02]} c5 {[%clk 00:50:10]} {[%emt
00:00:10]} 2. Nf3 {[%clk 00:50:23]} {[%emt 00:00:06]} Nc6 {[%clk 00:50:16]}
{[%emt 00:00:03]} 3. d4 {[%clk 00:50:28]} {[%emt 00:00:06]} cxd4 {[%clk
00:50:17]} {[%emt 00:00:08]} 4. Nxd4 {[%clk 00:50:35]} {[%emt 00:00:03]} g6
{[%clk 00:50:19]} {[%emt 00:00:08]} 5. c4 {[%clk 00:50:33]} {[%emt 00:00:12]}
Bg7 {[%clk 00:50:21]} {[%emt 00:00:07]} 6. Be3 {[%clk 00:50:38]} {[%emt
00:00:07]} d6 {[%clk 00:49:01]} {[%emt 00:01:30]} 7. Nc3 {[%clk 00:50:16]}
{[%emt 00:00:31]} Nf6 {[%clk 00:48:47]} {[%emt 00:00:24]} 8. Be2 {[%clk
00:50:22]} {[%emt 00:00:05]} O-O {[%clk 00:47:37]} {[%emt 00:01:20]} 9. O-O
{[%clk 00:50:25]} {[%emt 00:00:06]} Bd7 {[%clk 00:46:58]} {[%emt 00:00:48]} 10.
h3 {[%clk 00:50:32]} {[%emt 00:00:05]} Nxd4 {[%clk 00:46:56]} {[%emt 00:00:11]}
11. Bxd4 {[%clk 00:50:37]} {[%emt 00:00:05]} Bc6 {[%clk 00:46:40]} {[%emt
00:00:26]} 12. Qc2 {[%clk 00:50:43]} {[%emt 00:00:04]} Nd7 {[%clk 00:45:38]}
{[%emt 00:01:12]} 13. Bxg7 {[%clk 00:49:35]} {[%emt 00:01:19]} Kxg7 {[%clk
00:45:40]} {[%emt 00:00:08]} 14. Rad1 {[%clk 00:46:43]} {[%emt 00:03:02]} Qa5
{[%clk 00:40:56]} {[%emt 00:04:53]} 15. a3 {[%clk 00:43:15]} {[%emt 00:03:39]}
Nf6 {[%clk 00:36:00]} {[%emt 00:05:05]} 16. Rfe1 {[%clk 00:32:19]} {[%emt
00:11:07]} Qe5 {[%clk 00:28:27]} {[%emt 00:07:42]} 17. Nd5 {[%clk 00:27:26]}
{[%emt 00:05:04]} Nxd5 {[%clk 00:23:39]} {[%emt 00:04:57]} 18. exd5 {[%clk
00:27:25]} {[%emt 00:00:12]} Be8 {[%clk 00:21:18]} {[%emt 00:02:30]} 19. Bg4
{[%clk 00:25:09]} {[%emt 00:02:27]} Qf6 {[%clk 00:20:33]} {[%emt 00:00:54]} 20.
b3 {[%clk 00:21:24]} {[%emt 00:03:56]} h5 {[%clk 00:19:40]} {[%emt 00:01:02]}
21. Bf3 {[%clk 00:21:33]} {[%emt 00:00:01]} Bd7 {[%clk 00:18:57]} {[%emt
00:00:53]} 22. Re3 {[%clk 00:20:43]} {[%emt 00:01:00]} Rfe8 {[%clk 00:16:20]}
{[%emt 00:02:47]} 23. Be4 {[%clk 00:15:30]} {[%emt 00:05:24]} h4 {[%clk
00:13:30]} {[%emt 00:02:59]} 24. Qd2 {[%clk 00:12:31]} {[%emt 00:03:10]} Qg5
{[%clk 00:10:40]} {[%emt 00:02:58]} 25. Qb4 {[%clk 00:08:14]} {[%emt 00:04:28]}
b6 {[%clk 00:09:58]} {[%emt 00:00:52]} 26. Rde1 {[%clk 00:07:50]} {[%emt
00:00:34]} f5 {[%clk 00:08:48]} {[%emt 00:01:20]} 27. Bd3 {[%clk 00:03:50]}
{[%emt 00:04:11]} f4 {[%clk 00:06:19]} {[%emt 00:02:38]} 28. Qc3+ {[%clk
00:03:57]} {[%emt 00:00:03]} Qf6 {[%clk 00:06:04]} {[%emt 00:00:24]} 29. Rxe7+
{[%clk 00:04:01]} {[%emt 00:00:07]} 1-0

[Event "English Schools Championship Final 2024"]
[Site "Nottingham University Kings Meadow Campus, United Kingdom"]
[Date "2024.06.28"]
[Round "4.5"]
[White "Lapidus, Alexey M"]
[Black "Kumar, Sanjit S"]
[Result "0-1"]
[TimeControl "G50' + 10\" per move."]
[WhiteFideId "24276111"]
[BlackFideId "468142"]
[WhiteElo "1781"]
[BlackElo "1989"]

1. e4 {[%clk 00:50:19]} e6 {[%clk 00:50:09]} {[%emt 00:00:12]} 2. d4 {[%clk
00:50:23]} {[%emt 00:00:05]} d5 {[%clk 00:50:10]} {[%emt 00:00:08]} 3. Nd2
{[%clk 00:50:25]} {[%emt 00:00:08]} c5 {[%clk 00:50:15]} {[%emt 00:00:06]} 4.
exd5 {[%clk 00:50:27]} {[%emt 00:00:08]} Qxd5 {[%clk 00:50:20]} {[%emt
00:00:04]} 5. Ngf3 {[%clk 00:50:04]} {[%emt 00:00:34]} cxd4 {[%clk 00:50:23]}
{[%emt 00:00:07]} 6. Bc4 {[%clk 00:50:00]} {[%emt 00:00:14]} Qd6 {[%clk
00:50:29]} {[%emt 00:00:04]} 7. O-O {[%clk 00:49:51]} {[%emt 00:00:18]} Nf6
{[%clk 00:50:35]} {[%emt 00:00:05]} 8. Nb3 {[%clk 00:49:08]} {[%emt 00:00:53]}
Nc6 {[%clk 00:50:39]} {[%emt 00:00:06]} 9. Nbxd4 {[%clk 00:48:47]} {[%emt
00:00:31]} Nxd4 {[%clk 00:50:44]} {[%emt 00:00:05]} 10. Nxd4 {[%clk 00:48:52]}
{[%emt 00:00:06]} Be7 {[%clk 00:50:49]} {[%emt 00:00:04]} 11. Nb5 {[%clk
00:46:08]} {[%emt 00:02:54]} Qc6 {[%clk 00:50:54]} {[%emt 00:00:05]} 12. Qe2
{[%clk 00:43:21]} {[%emt 00:02:57]} O-O {[%clk 00:49:53]} {[%emt 00:01:11]} 13.
Bf4 {[%clk 00:40:28]} {[%emt 00:03:03]} Bd7 {[%clk 00:49:47]} {[%emt 00:00:17]}
14. a4 {[%clk 00:33:38]} {[%emt 00:07:00]} a6 {[%clk 00:48:17]} {[%emt
00:01:39]} 15. Nd4 {[%clk 00:30:07]} {[%emt 00:03:41]} Qc5 {[%clk 00:35:44]}
{[%emt 00:12:42]} 16. Nb3 {[%clk 00:26:42]} {[%emt 00:03:36]} Qf5 {[%clk
00:34:58]} {[%emt 00:00:56]} 17. Be5 {[%clk 00:23:59]} {[%emt 00:02:54]} Bc6
{[%clk 00:29:37]} {[%emt 00:05:31]} 18. Nd4 {[%clk 00:19:59]} {[%emt 00:04:09]}
Qe4 {[%clk 00:29:39]} {[%emt 00:00:08]} 19. Nxc6 {[%clk 00:19:25]} {[%emt
00:00:44]} Qxc6 {[%clk 00:29:42]} {[%emt 00:00:07]} 20. a5 {[%clk 00:17:34]}
{[%emt 00:02:01]} Rac8 {[%clk 00:28:42]} {[%emt 00:01:09]} 21. Bb3 {[%clk
00:15:40]} {[%emt 00:02:05]} Rfd8 {[%clk 00:27:57]} {[%emt 00:00:55]} 22. Rfd1
{[%clk 00:13:18]} {[%emt 00:02:32]} Ne4 {[%clk 00:20:28]} {[%emt 00:07:39]} 23.
c3 {[%clk 00:06:06]} {[%emt 00:07:22]} Bc5 {[%clk 00:17:01]} {[%emt 00:03:36]}
24. Rxd8+ {[%clk 00:02:12]} {[%emt 00:04:04]} Rxd8 {[%clk 00:17:03]} {[%emt
00:00:08]} 25. Ba4 {[%clk 00:01:44]} {[%emt 00:00:39]} Bxf2+ {[%clk 00:14:01]}
{[%emt 00:03:12]} 26. Qxf2 {[%clk 00:00:35]} {[%emt 00:01:19]} Qc4 {[%clk
00:12:55]} {[%emt 00:01:16]} 27. Qf1 {[%clk 00:00:21]} {[%emt 00:00:24]} Qc5+
{[%clk 00:12:43]} {[%emt 00:00:21]} 28. Bd4 {[%clk 00:00:29]} {[%emt 00:00:03]}
Rxd4 {[%clk 00:12:45]} {[%emt 00:00:08]} 29. cxd4 Qxd4+ 30. Kh1 {[%emt
00:00:01]} Nf2+ {[%emt 00:00:01]} 31. Kg1 {[%emt 00:00:01]} Nh3+ 32. Kh1 0-1

[Event "English Schools Championship Final 2024"]
[Site "Nottingham University Kings Meadow Campus, United Kingdom"]
[Date "2024.06.28"]
[Round "4.6"]
[White "Stewart, Hari"]
[Black "Sharma, Naavya"]
[Result "1/2-1/2"]
[TimeControl "G50' + 10\" per move."]
[WhiteFideId "448583"]
[BlackFideId "463132"]
[WhiteElo "1907"]
[BlackElo "1759"]

1. c4 {[%clk 00:50:18]} {[%emt 00:00:01]} c5 {[%clk 00:50:14]} {[%emt
00:00:07]} 2. g3 {[%clk 00:50:24]} {[%emt 00:00:04]} Nf6 {[%clk 00:50:14]}
{[%emt 00:00:09]} 3. Bg2 {[%clk 00:50:30]} {[%emt 00:00:05]} d5 {[%clk
00:50:18]} {[%emt 00:00:06]} 4. cxd5 {[%clk 00:50:34]} {[%emt 00:00:06]} Nxd5
{[%clk 00:50:23]} {[%emt 00:00:05]} 5. Nc3 {[%clk 00:50:34]} {[%emt 00:00:10]}
Nc7 {[%clk 00:50:24]} {[%emt 00:00:09]} 6. Nf3 {[%clk 00:49:44]} {[%emt
00:00:59]} Nc6 {[%clk 00:50:25]} {[%emt 00:00:09]} 7. O-O {[%clk 00:48:32]}
{[%emt 00:01:23]} e5 {[%clk 00:50:09]} {[%emt 00:00:25]} 8. d3 {[%clk
00:47:24]} {[%emt 00:01:18]} Be7 {[%clk 00:49:52]} {[%emt 00:00:28]} 9. Be3
{[%clk 00:45:47]} {[%emt 00:01:47]} Ne6 {[%clk 00:47:48]} {[%emt 00:02:14]} 10.
Rc1 {[%clk 00:45:41]} {[%emt 00:00:16]} f6 {[%clk 00:43:27]} {[%emt 00:04:31]}
11. Nd2 {[%clk 00:37:18]} {[%emt 00:08:32]} Qd7 {[%clk 00:40:18]} {[%emt
00:03:19]} 12. Qa4 {[%clk 00:29:59]} {[%emt 00:07:29]} Ncd4 {[%clk 00:34:51]}
{[%emt 00:05:37]} 13. Qxd7+ {[%clk 00:29:39]} {[%emt 00:00:30]} Kxd7 {[%clk
00:31:18]} {[%emt 00:03:43]} 14. Bxd4 {[%clk 00:28:56]} {[%emt 00:00:54]} cxd4
{[%clk 00:27:01]} {[%emt 00:04:26]} 15. Nd5 {[%clk 00:27:46]} {[%emt 00:01:20]}
Rb8 {[%clk 00:24:04]} {[%emt 00:03:07]} 16. Bh3 {[%clk 00:26:39]} {[%emt
00:01:18]} Kd6 {[%clk 00:19:10]} {[%emt 00:05:03]} 17. Nxe7 {[%clk 00:07:08]}
{[%emt 00:19:42]} Kxe7 {[%clk 00:18:53]} {[%emt 00:00:27]} 18. Bxe6 {[%clk
00:06:52]} {[%emt 00:00:26]} Bxe6 {[%clk 00:19:00]} {[%emt 00:00:02]} 19. Rc7+
{[%clk 00:06:49]} {[%emt 00:00:13]} Bd7 {[%clk 00:18:51]} {[%emt 00:00:19]} 20.
Rfc1 {[%clk 00:02:12]} {[%emt 00:04:47]} Rhc8 {[%clk 00:18:39]} {[%emt
00:00:22]} 1/2-1/2

[Event "English Schools Championship Final 2024"]
[Site "Nottingham University Kings Meadow Campus, United Kingdom"]
[Date "2024.06.28"]
[Round "4.7"]
[White "Dias, Savin"]
[Black "Verma, Shlok"]
[Result "0-1"]
[TimeControl "G50' + 10\" per move."]
[WhiteFideId "442399"]
[BlackFideId "441228"]
[WhiteElo "2084"]
[BlackElo "2264"]

1. e4 {[%clk 00:47:51]} {[%emt 00:02:27]} e6 {[%clk 00:50:13]} {[%emt
00:00:06]} 2. d4 {[%clk 00:47:59]} {[%emt 00:00:04]} d5 {[%clk 00:50:19]}
{[%emt 00:00:04]} 3. Nc3 {[%clk 00:48:05]} {[%emt 00:00:04]} dxe4 {[%clk
00:49:58]} {[%emt 00:00:30]} 4. Nxe4 {[%clk 00:48:04]} {[%emt 00:00:11]} Nd7
{[%clk 00:49:34]} {[%emt 00:00:34]} 5. Nf3 {[%clk 00:46:27]} {[%emt 00:01:47]}
Ngf6 {[%clk 00:49:38]} {[%emt 00:00:07]} 6. Bd3 {[%clk 00:46:05]} {[%emt
00:00:32]} Nxe4 {[%clk 00:49:29]} {[%emt 00:00:18]} 7. Bxe4 {[%clk 00:46:10]}
{[%emt 00:00:05]} Nf6 {[%clk 00:49:35]} {[%emt 00:00:05]} 8. Bd3 {[%clk
00:46:15]} {[%emt 00:00:05]} c5 {[%clk 00:49:17]} {[%emt 00:00:27]} 9. O-O
{[%clk 00:39:00]} {[%emt 00:07:25]} Be7 {[%clk 00:48:46]} {[%emt 00:00:41]} 10.
c3 {[%clk 00:35:06]} {[%emt 00:04:04]} O-O {[%clk 00:48:29]} {[%emt 00:00:27]}
11. Qc2 {[%clk 00:34:22]} {[%emt 00:00:55]} b6 {[%clk 00:46:24]} {[%emt
00:02:14]} 12. Bg5 {[%clk 00:29:37]} {[%emt 00:04:56]} h6 {[%clk 00:45:05]}
{[%emt 00:01:29]} 13. Bxf6 {[%clk 00:29:13]} {[%emt 00:00:34]} Bxf6 {[%clk
00:45:06]} {[%emt 00:00:08]} 14. Be4 {[%clk 00:27:43]} {[%emt 00:01:40]} Rb8
{[%clk 00:44:59]} {[%emt 00:00:18]} 15. Rfd1 {[%clk 00:25:12]} {[%emt
00:02:40]} Qc7 {[%clk 00:44:02]} {[%emt 00:01:07]} 16. Rd2 {[%clk 00:18:50]}
{[%emt 00:06:32]} Ba6 {[%clk 00:38:47]} {[%emt 00:05:25]} 17. Re1 {[%clk
00:17:48]} {[%emt 00:01:12]} b5 {[%clk 00:36:10]} {[%emt 00:02:49]} 18. dxc5
{[%clk 00:15:19]} {[%emt 00:02:38]} Qxc5 {[%clk 00:35:36]} {[%emt 00:00:43]} 19.
Red1 {[%clk 00:14:38]} {[%emt 00:00:52]} b4 {[%clk 00:33:34]} {[%emt 00:02:11]}
20. Rd6 {[%clk 00:14:17]} {[%emt 00:00:32]} Bb5 {[%clk 00:30:10]} {[%emt
00:03:34]} 21. cxb4 {[%clk 00:13:00]} {[%emt 00:01:27]} Qxb4 {[%clk 00:26:37]}
{[%emt 00:03:42]} 22. b3 {[%clk 00:12:06]} {[%emt 00:01:05]} Rbc8 {[%clk
00:23:31]} {[%emt 00:03:16]} 23. Qd2 {[%clk 00:10:52]} {[%emt 00:01:24]} Qxe4
{[%clk 00:23:19]} {[%emt 00:00:22]} 0-1